Hi-Fi Meet jJazz-Big Four (Record n. 99538)
[ formato base ]
| 000 -LEADER | |
|---|---|
| fixed length control field | 02898njm a2200505Ia 4500 |
| 001 - CONTROL NUMBER | |
| control field | 25676 |
| 003 - CONTROL NUMBER IDENTIFIER | |
| control field | IT-RoPAU |
| 005 - DATE AND TIME OF LATEST TRANSACTION | |
| control field | 20220918181117.0 |
| 008 - FIXED-LENGTH DATA ELEMENTS--GENERAL INFORMATION | |
| fixed length control field | 131025s9999 xx 000 0 und d |
| 040 ## - CATALOGING SOURCE | |
| Original cataloging agency | IT-RoPAU |
| 040 ## - CATALOGING SOURCE | |
| Transcribing agency | IT-RoPAU |
| 999 ## - SYSTEM CONTROL NUMBERS (KOHA) | |
| Koha Dewey Subclass [OBSOLETE] | n.d. |
| 100 ## - MAIN ENTRY--PERSONAL NAME | |
| Personal name | AA.VV. |
| 9 (RLIN) | 794 |
| 100 ## - MAIN ENTRY--PERSONAL NAME | |
| Relator term | Autore musica |
| 9 (RLIN) | 13472 |
| 100 ## - MAIN ENTRY--PERSONAL NAME | |
| Miscellaneous information | Codice autore musica SPICS: 12000 |
| 9 (RLIN) | 796 |
| 245 ## - TITLE STATEMENT | |
| Title | Hi-Fi Meet jJazz-Big Four |
| 250 ## - EDITION STATEMENT | |
| Edition statement | 2a ed. |
| 260 ## - PUBLICATION, DISTRIBUTION, ETC. (IMPRINT) | |
| Place of publication, distribution, etc. | MILANO |
| 260 ## - PUBLICATION, DISTRIBUTION, ETC. (IMPRINT) | |
| Name of publisher, distributor, etc. | MUSICA JAZZ |
| Date of publication, distribution, etc. | 1982 [1a Ed.:1981 - Ed. Lingua Orig.: 1940] |
| 300 ## - PHYSICAL DESCRIPTION | |
| Extent | DISCO |
| 300 ## - PHYSICAL DESCRIPTION | |
| Dimensions | 41 minuti (Testo: pag.) |
| 500 ## - GENERAL NOTE | |
| General note | Musica jazz |
| 505 ## - FORMATTED CONTENTS NOTE | |
| Formatted contents note | If I Could Be With You (5:00) - That's a Plenty (5:00) - Sweet Lorraine (5:00) - China Boy (4:00) - Squeeze Me (3:00) - Nobody's Sweetheart (4:00) - Big Four Blues (5:00) - There'll Be Some Changes Made (5:00) - On the Sunny Side of the Street (5:00) - Chicago (4:00) |
| 511 ## - PARTICIPANT OR PERFORMER NOTE | |
| Participant or performer note | Klein Oscar: tromba; Patruno Lino: chitarra; Bagnoli Carlo: sax soprano; Ratti Marco: contrabbasso |
| 650 ## - SUBJECT ADDED ENTRY--TOPICAL TERM | |
| Topical term or geographic name as entry element | JAZZ [DISCHI] |
| Relator term | Codice MATERIA SPICS: 9950 |
| 9 (RLIN) | 13473 |
| 700 ## - ADDED ENTRY--PERSONAL NAME | |
| Personal name | Kramer Gorni |
| Dates associated with a name | Codice autore musica SPICS: 11552 |
| Relator term | Autore musica |
| Name of part/section of a work | If I Could Be With You |
| 9 (RLIN) | 13474 |
| 700 ## - ADDED ENTRY--PERSONAL NAME | |
| Personal name | Johnson |
| Dates associated with a name | Codice autore SPICS: 20146 |
| Relator term | Autore |
| Name of part/section of a work | If I Could Be With You |
| 9 (RLIN) | 13475 |
| 700 ## - ADDED ENTRY--PERSONAL NAME | |
| Personal name | Pollack Ben |
| Dates associated with a name | Codice autore musica SPICS: 10735 |
| Relator term | Autore musica |
| Name of part/section of a work | That's a Plenty |
| 9 (RLIN) | 13476 |
| 700 ## - ADDED ENTRY--PERSONAL NAME | |
| Personal name | Burwell Clifford |
| Dates associated with a name | Codice autore musica SPICS: 20258 |
| Relator term | Autore musica |
| Name of part/section of a work | Sweet Lorraine |
| 9 (RLIN) | 13477 |
| 700 ## - ADDED ENTRY--PERSONAL NAME | |
| Personal name | Parish Mitchell |
| Dates associated with a name | Codice autore SPICS: 23767 |
| Relator term | Autore |
| Name of part/section of a work | Sweet Lorraine |
| 9 (RLIN) | 13478 |
| 700 ## - ADDED ENTRY--PERSONAL NAME | |
| Personal name | Winfree |
| Dates associated with a name | Codice autore musica SPICS: 27779 |
| Relator term | Autore musica |
| Name of part/section of a work | China Boy |
| 9 (RLIN) | 13479 |
| 700 ## - ADDED ENTRY--PERSONAL NAME | |
| Personal name | Bouteljie |
| Dates associated with a name | Codice autore SPICS: 20919 |
| Relator term | Autore |
| Name of part/section of a work | China Boy |
| 9 (RLIN) | 13480 |
| 700 ## - ADDED ENTRY--PERSONAL NAME | |
| Personal name | Waller Thomas Fats |
| Dates associated with a name | Codice autore musica SPICS: 15948 |
| Relator term | Autore musica |
| Name of part/section of a work | Squeeze Me |
| 9 (RLIN) | 13481 |
| 700 ## - ADDED ENTRY--PERSONAL NAME | |
| Personal name | Williams |
| Dates associated with a name | Codice autore SPICS: 20150 |
| Relator term | Autore |
| Name of part/section of a work | Squeeze Me |
| 9 (RLIN) | 13482 |
| 700 ## - ADDED ENTRY--PERSONAL NAME | |
| Personal name | Kahn |
| Dates associated with a name | Codice autore musica SPICS: 19977 |
| Relator term | Autore musica |
| Name of part/section of a work | Nobody's Sweetheart |
| 9 (RLIN) | 13483 |
| 700 ## - ADDED ENTRY--PERSONAL NAME | |
| Personal name | Erdman |
| Dates associated with a name | Codice autore SPICS: 27780 |
| Relator term | Autore |
| Name of part/section of a work | Nobody's Sweetheart |
| 9 (RLIN) | 13484 |
| 700 ## - ADDED ENTRY--PERSONAL NAME | |
| Personal name | Schoebel |
| Dates associated with a name | Codice autore testo/musica SPICS: 20143 |
| Relator term | Autore testo/musica |
| Name of part/section of a work | Nobody's Sweetheart |
| 9 (RLIN) | 13485 |
| 700 ## - ADDED ENTRY--PERSONAL NAME | |
| Personal name | Patruno Lino |
| Dates associated with a name | Codice autore musica SPICS: 27781 |
| Relator term | Autore musica |
| Name of part/section of a work | Big Four Blues |
| 9 (RLIN) | 13486 |
| 700 ## - ADDED ENTRY--PERSONAL NAME | |
| Personal name | Higgins A.P. |
| Dates associated with a name | Codice autore musica SPICS: 5489 |
| Relator term | Autore musica |
| Name of part/section of a work | There'll Be Some Changes Made |
| 9 (RLIN) | 13487 |
| 700 ## - ADDED ENTRY--PERSONAL NAME | |
| Personal name | Overstreet |
| Dates associated with a name | Codice autore SPICS: 20154 |
| Relator term | Autore |
| Name of part/section of a work | There'll Be Some Changes Made |
| 9 (RLIN) | 13488 |
| 700 ## - ADDED ENTRY--PERSONAL NAME | |
| Personal name | Fields Dorothy |
| Dates associated with a name | Codice autore musica SPICS: 15865 |
| Relator term | Autore musica |
| Name of part/section of a work | On the Sunny Side of the Street |
| 9 (RLIN) | 13489 |
| 700 ## - ADDED ENTRY--PERSONAL NAME | |
| Personal name | McHugh Jimmy |
| Dates associated with a name | Codice autore SPICS: 16297 |
| Relator term | Autore |
| Name of part/section of a work | On the Sunny Side of the Street |
| 9 (RLIN) | 13490 |
| 700 ## - ADDED ENTRY--PERSONAL NAME | |
| Personal name | Fisher |
| Dates associated with a name | Codice autore musica SPICS: 20482 |
| Relator term | Autore musica |
| Name of part/section of a work | Chicago |
| 9 (RLIN) | 13491 |
| 942 ## - ADDED ENTRY ELEMENTS (KOHA) | |
| Koha item type | DISCHI |
| Source of classification or shelving scheme | Dewey Decimal Classification |
| Withdrawn status | Lost status | Damaged status | Not for loan | Home library | Current library | Date acquired | Total Checkouts | Full call number | Date last seen | Price effective from | Koha item type | Public note |
|---|---|---|---|---|---|---|---|---|---|---|---|---|
| Buone Condizioni | Not For Loan | SPICS-MEDIATECA | SPICS-MEDIATECA | 25/10/2013 | 25676 | 25/10/2013 | 25/10/2013 | DISCHI | Progr. Ins.: 5550 / N.Vol.: 1 / Copie: 1 - Copia rara: n.d. / date import: 01.01.2014 - By Epidotti, Trombetti, Vaglietti |